Digital methods for social science : (Record no. 331812)

000 -LEADER
fixed length control field 01485cam a22003498i 4500
001 - CONTROL NUMBER
control field 18692108
003 - CONTROL NUMBER IDENTIFIER
control field NUST
005 - DATE AND TIME OF LATEST TRANSACTION
control field 20180117090032.0
008 - FIXED-LENGTH DATA ELEMENTS--GENERAL INFORMATION
fixed length control field 150709s2016 enka b 001 0 eng
010 ## - LIBRARY OF CONGRESS CONTROL NUMBER
LC control number 2015021880
020 ## - INTERNATIONAL STANDARD BOOK NUMBER
International Standard Book Number 9781137453655 (hardback)
040 ## - CATALOGING SOURCE
Original cataloging agency DLC
Language of cataloging eng
Transcribing agency DLC
Description conventions rda
Modifying agency DLC
042 ## - AUTHENTICATION CODE
Authentication code pcc
050 00 - LIBRARY OF CONGRESS CALL NUMBER
Classification number H61
Item number .D546 2016
082 00 - DEWEY DECIMAL CLASSIFICATION NUMBER
Classification number 300.285
Edition number 23
245 00 - TITLE STATEMENT
Title Digital methods for social science :
Remainder of title an interdisciplinary guide to research innovation /
Statement of responsibility, etc. edited by, Helene Snee, Christine Hine, Yvette Morey, Steven Roberts, Hayley Watson.
264 #1 - PRODUCTION, PUBLICATION, DISTRIBUTION, MANUFACTURE, AND COPYRIGHT NOTICE
Place of production, publication, distribution, manufacture Houndmills, Basingstoke, Hampshire ;
-- New York, NY :
Name of producer, publisher, distributor, manufacturer Palgrave Macmillan,
Date of production, publication, distribution, manufacture, or copyright notice 2016.
300 ## - PHYSICAL DESCRIPTION
Extent xviii, 234 pages :
Other physical details illustrations ;
Dimensions 23 cm
336 ## - CONTENT TYPE
Content type term text
Source rdacontent
337 ## - MEDIA TYPE
Media type term unmediated
Source rdamedia
338 ## - CARRIER TYPE
Carrier type term volume
Source rdacarrier
504 ## - BIBLIOGRAPHY, ETC. NOTE
Bibliography, etc. note Includes bibliographical references and index.
650 #0 - SUBJECT ADDED ENTRY--TOPICAL TERM
Topical term or geographic name entry element Social sciences
General subdivision Methodology.
9 (RLIN) 1585
650 #0 - SUBJECT ADDED ENTRY--TOPICAL TERM
Topical term or geographic name entry element Social sciences
General subdivision Research
-- Data processing.
9 (RLIN) 5672
650 #0 - SUBJECT ADDED ENTRY--TOPICAL TERM
Topical term or geographic name entry element Internet research.
9 (RLIN) 5673
650 #0 - SUBJECT ADDED ENTRY--TOPICAL TERM
Topical term or geographic name entry element Digital media.
9 (RLIN) 1608
700 1# - ADDED ENTRY--PERSONAL NAME
Personal name Snee, Helene,
Relator term editor.
9 (RLIN) 5674
906 ## - LOCAL DATA ELEMENT F, LDF (RLIN)
a 7
b cbc
c orignew
d 1
e ecip
f 20
g y-gencatlg
942 ## - ADDED ENTRY ELEMENTS (KOHA)
Source of classification or shelving scheme
Koha item type Book
Holdings
Withdrawn status Lost status Source of classification or shelving scheme Damaged status Not for loan Permanent Location Current Location Shelving location Date acquired Total Checkouts Full call number Barcode Date last seen Date last checked out Price effective from Koha item type
          Central Library (CL) Central Library (CL) General Stacks 10/26/2017 1 001.42 SNE S3H-P-210 07/27/2024 10/26/2020 10/26/2017 Book
© 2023 Central Library, National University of Sciences and Technology. All Rights Reserved.